000 01245cam a2200193 4500
001 X105446
008 000000n2000 000 0 eng u
035 _a(Sirsi) u105446
245 _aFlintshire CC v Jones
260 _c2000
490 _aPlanning Appeal Decisions
_v15 PAD 182-188(7)
520 _aSeparate alternative applications-erection of new farm dwelling-mixed sheep and local plans-outside desiginated statutory development boundary for village-Special Landscape Area-Planning Guidance(Wales)-PPG7 whether essential agricultural need for dwelling in location-character and apprearance of area-breeding flock of ewes-beef herd of 40 bought in animals-suckler cow herd of 40 calving heifers with one bull-existing farm bungalow now some distance fromlivestock buildng-needs for dwelling nearer livestock building-both sites adjacent to it-appeal site (2) less intrusive-not a precnent-conditions. Costs-refual not unreasonable although contrary to offericer recommendation-no cost (Headnote from journal article)
650 _aFLINTSHIRE CC V JONES
650 _aAGRICULTURAL BUILDINGS
650 _aPLANNING APPEAL
650 _aCOSTS
690 _aENVIRONMENTAL AND LAND CONSULTANCY-PLANNING AND DEVELOPMENT
942 _n0
999 _c100398
_d100398